01055nam a22002897a 450000500170000000800410001701000100005801100100006803500100007809000100008810000500009824500650014826000400021330000100025350000120026350200810027559000370035659000410039359000410043459000410047559000420051665000420055879001070060090100070070794900340071499900170074820220329141220.0971010s1986 r 00010 d a64525 a65497 a72348 aTesis00aGuevara Fernández, Francisco Javier.951307 aLimitaciones del seguro agrícola en el estado de Chihuahua aChihuahua, Chih. :bEl autor,c1986 a56 h. aD97-111 aTesis (Ing. Agr. Esp. en Zonas Aridas) -- UACH. Departamento de Zonas Aridas aALEPHb10c20130110lUCH01h1352 aBATCH-UPDb10c20130110lUCH01h0628 aBATCH-UPDb10c20130410lUCH01h0311 aBATCH-UPDb10c20130914lUCH01h1555 aCONVERSIONb10c20130109lUCH01h133514aSeguro agrícolaxChihuahua.9103696 aOperatividad del crédito y seguro agrícola en el desarrollo agropecuario en el estado de Chihuahua aBK bZAcTESd-5050eTS1i72348si c64525d64525